[Event "79.Santo Camp. Veneto Quarti di Finale"]
[Site "Padova ITA"]
[Date "2020.02.22"]
[Round "2.33"]
[White "Karniaichuk, Valery"]
[Black "De Bortoli, Francesco"]
[Result "0-1"]
[WhiteElo "1440"]
[BlackElo "1849"]
[Annotator "Gabriele Ballarin"]
[PlyCount "70"]
[EventDate "2020.02.21"]
[EventType "swiss"]
[EventRounds "3"]
[EventCountry "ITA"]

1. e4 c5 2. Bc4 d6 3. Nc3 Nf6 4. d4 cxd4 5. Qxd4 Nc6 6. Bb5 Bd7 7. Bxc6 Bxc6 8. f3 g6 9. Bg5 Bg7 10. O-O-O Qa5 11. Bh4 O-O 12. Bxf6 Bxf6 13. Qd2 Bxc3 14. Qxc3 Qxa2 15. h4 Rac8 16. b3 Bxe4 17. Rd3 Rxc3 18. Rxc3 Bf5 19. h5 Rc8 20. Rxc8+ Bxc8 21. g4 g5 22. Kd2 Qa1 23. Ke2 Qc1 24. Kf2 Qxc2+ 25. Ne2 Be6 26. h6 f6 27. Rc1 Qxb3 28. Rc3 Qb6+ 29. Kg3 Kf7 30. f4 gxf4+ 31. Nxf4 Qg1+ 32. Kh3 Qxg4+ 33. Kh2 Qxf4+ 34. Rg3 Qxg3+ 35. Kxg3 Kg6 0-1

[Event "79.Santo Camp. Veneto Quarti di Finale"]
[Site "Padova ITA"]
[Date "2020.02.22"]
[Round "2.34"]
[White "Gola, Giorgio"]
[Black "Conte, Edoardo"]
[Result "1-0"]
[WhiteElo "1844"]
[BlackElo "1630"]
[Annotator "Gabriele Ballarin"]
[PlyCount "67"]
[EventDate "2020.02.21"]
[EventType "swiss"]
[EventRounds "3"]
[EventCountry "ITA"]

1. e4 e5 2. Nf3 Nc6 3. Bc4 Bc5 4. c3 Nf6 5. d3 O-O 6. b4 Bb6 7. a4 a6 8. Bg5 h6 9. Bh4 d6 10. Nbd2 Qe7 11. Bb3 Be6 12. Nc4 Ba7 13. O-O Rad8 14. b5 Nb8 15. Na5 Bxb3 16. Qxb3 Nbd7 17. bxa6 Nc5 18. Qc4 Nxa6 19. Nxb7 Ra8 20. Na5 Bb6 21. Nc6 Qd7 22. Bxf6 gxf6 23. Nh4 Nc5 24. Nb4 Rxa4 25. Nf5 Rxa1 26. Rxa1 Kh7 27. Nd5 Qe6 28. g3 Rb8 29. Qa2 c6 30. Qd2 Qxf5 31. exf5 cxd5 32. Rb1 e4 33. d4 Nd3 34. Qa2 1-0

[Event "79.Santo Camp. Veneto Quarti di Finale"]
[Site "Padova ITA"]
[Date "2020.02.22"]
[Round "2.35"]
[White "Cecchetto, Vanni"]
[Black "Marson, Roy"]
[Result "0-1"]
[WhiteElo "1834"]
[BlackElo "1503"]
[Annotator "Gabriele Ballarin"]
[PlyCount "70"]
[EventDate "2020.02.21"]
[EventType "swiss"]
[EventRounds "3"]
[EventCountry "ITA"]

1. c4 Nc6 2. Nc3 Nf6 3. e4 e5 4. Nf3 Bc5 5. h3 d6 6. a3 Nd4 7. b4 Bb6 8. d3 Bd7 9. Bg5 h6 10. Bh4 g5 11. Nxg5 hxg5 12. Bxg5 c6 13. Be2 Qe7 14. a4 a5 15. b5 Bc5 16. O-O Rg8 17. h4 Qe6 18. Rb1 Nh7 19. bxc6 bxc6 20. Rb7 Nxg5 21. Rxd7 Qxd7 22. Bg4 Qe7 23. hxg5 Qxg5 24. Bh3 Ke7 25. Kh1 Rh8 26. Ne2 Rag8 27. Ng3 f5 28. exf5 Nxf5 29. Qb3 Nxg3+ 30. fxg3 Bb4 31. c5 d5 32. Rf3 Qg4 33. Qd1 Rxh3+ 34. gxh3 Qxh3+ 35. Kg1 Bxc5+ 0-1

[Event "79.Santo Camp. Veneto Quarti di Finale"]
[Site "Padova ITA"]
[Date "2020.02.22"]
[Round "3.1"]
[White "Sonis, Francesco"]
[Black "Calavalle, Giulio"]
[Result "1-0"]
[WhiteElo "2478"]
[BlackElo "2218"]
[Annotator "Gabriele Ballarin"]
[PlyCount "47"]
[EventDate "2020.02.21"]
[EventType "swiss"]
[EventRounds "3"]
[EventCountry "ITA"]

1. d4 Nf6 2. c4 e6 3. Nc3 d5 4. cxd5 exd5 5. Bg5 c6 6. e3 Nbd7 7. Bd3 Be7 8. Nf3 Nf8 9. Qc2 Ne6 10. Bh4 g6 11. h3 Ng7 12. g4 Be6 13. O-O-O Qa5 14. Kb1 O-O-O 15. Nd2 h5 16. Nb3 Qc7 17. Rc1 Nge8 18. Nb5 Qd7 19. Nc5 Bxc5 20. Qxc5 a6 21. Na7+ Kc7 22. Qa5+ Kb8 23. Nxc6+ bxc6 24. Qb4+ 1-0

[Event "79.Santo Camp. Veneto Quarti di Finale"]
[Site "Padova ITA"]
[Date "2020.02.22"]
[Round "3.2"]
[White "Palozza, Christian"]
[Black "Gilevych, Artem"]
[Result "0-1"]
[WhiteElo "2201"]
[BlackElo "2415"]
[Annotator "Gabriele Ballarin"]
[PlyCount "86"]
[EventDate "2020.02.21"]
[EventType "swiss"]
[EventRounds "3"]
[EventCountry "ITA"]

1. d4 d5 2. c4 dxc4 3. Nf3 Nf6 4. e3 a6 5. Bxc4 b5 6. Bb3 Bb7 7. O-O e6 8. Nc3 c5 9. dxc5 Nbd7 10. c6 Bxc6 11. Nd4 Bb7 12. a3 Qb8 13. Qe2 Bd6 14. h3 O-O 15. Rd1 Ne5 16. e4 Ng6 17. Bg5 Be5 18. Rac1 h6 19. Bxf6 Bxf6 20. Qg4 Qf4 21. Nde2 Qxg4 22. hxg4 Ne5 23. f3 Rad8 24. Rxd8 Rxd8 25. Rc2 Bc6 26. Ba2 a5 27. Bb3 Be8 28. a4 b4 29. Nb5 Nd3 30. f4 Be7 31. Rd2 Nc5 32. Rxd8 Bxd8 33. Bc2 b3 34. Bd1 Nxa4 35. Nd6 Nxb2 36. Bxb3 Bd7 37. e5 a4 38. Ba2 Nd3 39. Bc4 a3 40. Ne4 Bb5 41. Bb3 Bb6+ 42. Kh2 Nxe5 43. N2c3 Bc4 0-1

[Event "79.Santo Camp. Veneto Quarti di Finale"]
[Site "Padova ITA"]
[Date "2020.02.22"]
[Round "3.3"]
[White "Loiacono, Antonio"]
[Black "Pasini, Nicolò"]
[Result "0-1"]
[WhiteElo "2320"]
[BlackElo "2197"]
[Annotator "Gabriele Ballarin"]
[PlyCount "86"]
[EventDate "2020.02.21"]
[EventType "swiss"]
[EventRounds "3"]
[EventCountry "ITA"]

1. e4 c5 2. Nf3 Nc6 3. d4 cxd4 4. Nxd4 g6 5. c4 Nf6 6. Nc3 d6 7. Be2 Nxd4 8. Qxd4 Bg7 9. Be3 O-O 10. Qd2 a5 11. O-O a4 12. f3 Qa5 13. Rab1 Be6 14. Rfc1 Rfc8 15. b4 axb3 16. axb3 Qb4 17. Na4 Qxd2 18. Bxd2 Nd7 19. Be3 f5 20. Bd3 Rc6 21. Rd1 b6 22. exf5 Bxf5 23. Bxf5 gxf5 24. Rd5 e6 25. Rb5 Ra6 26. g4 fxg4 27. fxg4 Ne5 28. Rxb6 Rcxb6 29. Bxb6 Nxc4 30. bxc4 Rxa4 31. Rc1 d5 32. cxd5 Rxg4+ 33. Kf2 exd5 34. Kf3 Rb4 35. Bf2 Rb3+ 36. Kg4 Be5 37. Bg3 Bxg3 38. hxg3 Rb8 39. Rd1 Rd8 40. Kf5 Kf7 41. Ke5 Kg6 42. Rxd5 Rxd5+ 43. Kxd5 Kf5 0-1

[Event "79.Santo Camp. Veneto Quarti di Finale"]
[Site "Padova ITA"]
[Date "2020.02.22"]
[Round "3.4"]
[White "Zenari, Marco"]
[Black "Vancini, Edoardo"]
[Result "0-1"]
[WhiteElo "2137"]
[BlackElo "2232"]
[Annotator "Gabriele Ballarin"]
[PlyCount "90"]
[EventDate "2020.02.21"]
[EventType "swiss"]
[EventRounds "3"]
[EventCountry "ITA"]

1. e4 c5 2. Nf3 e6 3. d4 cxd4 4. Nxd4 Nf6 5. Nc3 Nc6 6. Be2 Qc7 7. O-O a6 8. Be3 Be7 9. f4 d6 10. Kh1 O-O 11. Qe1 Nxd4 12. Bxd4 b5 13. a3 Bb7 14. Bd3 Rad8 15. Qg3 Rd7 16. Rae1 Re8 17. e5 dxe5 18. Bxe5 Qd8 19. Ne4 Nh5 20. Qg4 g6 21. Ng5 f5 22. Qh3 Bxg5 23. fxg5 Qxg5 24. Rf2 Nf6 25. Bf4 Ng4 26. Rff1 Qf6 27. Qg3 h5 28. Be5 Nxe5 29. Qxe5 Qxe5 30. Rxe5 Kf7 31. a4 bxa4 32. Ra5 Rd4 33. Kg1 Rb4 34. Ra1 Rxb2 35. R5xa4 Rd8 36. h4 Rd6 37. g3 Kf6 38. Kf1 Rbb6 39. Be2 Be4 40. c4 Rb2 41. Rxa6 Rdd2 42. Re1 Bb7 43. Ra3 e5 44. Rc3 e4 45. c5 Rxe2 0-1

[Event "79.Santo Camp. Veneto Quarti di Finale"]
[Site "Padova ITA"]
[Date "2020.02.22"]
[Round "3.5"]
[White "Carlo, Emanuele"]
[Black "Belli, Giorgio"]
[Result "1-0"]
[WhiteElo "2223"]
[BlackElo "2142"]
[Annotator "Gabriele Ballarin"]
[PlyCount "73"]
[EventDate "2020.02.21"]
[EventType "swiss"]
[EventRounds "3"]
[EventCountry "ITA"]

1. e4 c5 2. Nf3 d6 3. d4 cxd4 4. Nxd4 Nf6 5. Nc3 a6 6. h3 h5 7. Bg5 e6 8. Be2 Be7 9. f4 Nbd7 10. O-O Qb6 11. Kh1 Qxb2 12. Qd2 Qb6 13. f5 e5 14. Nb3 Qc7 15. Rf3 b5 16. a4 b4 17. Bxf6 Nxf6 18. Nd5 Nxd5 19. exd5 Bb7 20. Rd1 a5 21. c3 bxc3 22. Rxc3 Qd8 23. Bb5+ Kf8 24. Qf2 Bg5 25. Bc6 Bxc6 26. dxc6 Qc7 27. Rd5 Ke7 28. Rb5 Rhb8 29. Nd2 Bxd2 30. Qxd2 Rxb5 31. axb5 Rb8 32. Qg5+ Kf8 33. Rg3 Rxb5 34. Qxg7+ Ke7 35. Qg5+ Ke8 36. f6 Qxc6 37. Qg8+ 1-0

[Event "79.Santo Camp. Veneto Quarti di Finale"]
[Site "Padova ITA"]
[Date "2020.02.22"]
[Round "3.6"]
[White "Ridolfo, Enrico"]
[Black "Orfini, Nicolò "]
[Result "0-1"]
[WhiteElo "1977"]
[BlackElo "2250"]
[Annotator "Gabriele Ballarin"]
[PlyCount "96"]
[EventDate "2020.02.21"]
[EventType "swiss"]
[EventRounds "3"]
[EventCountry "ITA"]

1. f4 Nf6 2. Nf3 d6 3. Nc3 g6 4. e4 Bg7 5. Bc4 O-O 6. d3 c6 7. a4 d5 8. Bb3 Na6 9. e5 Nd7 10. d4 Nc7 11. O-O e6 12. Be3 b6 13. Ne2 f5 14. exf6 Nxf6 15. Ne5 Bb7 16. c3 Nce8 17. g4 Ne4 18. Ng3 N8d6 19. Bc2 Qh4 20. Qf3 Ba6 21. Bd3 Bxd3 22. Nxd3 Rae8 23. Nf2 Nxf2 24. Bxf2 Qh3 25. Be3 Nc4 26. Bc1 e5 27. b3 exf4 28. Bxf4 Nd2 29. Qg2 Qxg2+ 30. Kxg2 Nxf1 31. Rxf1 Rf7 32. Bg5 Rxf1 33. Kxf1 c5 34. Ne2 Re4 35. dxc5 bxc5 36. h3 Kf7 37. Kf2 d4 38. cxd4 cxd4 39. Kf3 Re8 40. Bd2 Ke6 41. Ke4 Kd6+ 42. Kd3 Kd5 43. b4 Rf8 44. Bf4 Be5 45. Bxe5 Kxe5 46. b5 Rf3+ 47. Kc4 d3 48. Nc3 d2 0-1

[Event "79.Santo Camp. Veneto Quarti di Finale"]
[Site "Padova ITA"]
[Date "2020.02.22"]
[Round "3.7"]
[White "Dappiano, Andrea"]
[Black "Bordignon, Angelo"]
[Result "1-0"]
[WhiteElo "2243"]
[BlackElo "1990"]
[Annotator "Gabriele Ballarin"]
[PlyCount "45"]
[EventDate "2020.02.21"]
[EventType "swiss"]
[EventRounds "3"]
[EventCountry "ITA"]

1. e4 c5 2. Nf3 d6 3. Bb5+ Nd7 4. a4 a6 5. Be2 Ngf6 6. Nc3 b6 7. d4 cxd4 8. Qxd4 e5 9. Qd1 Bb7 10. Nd2 Be7 11. f3 O-O 12. Nc4 Qc7 13. Be3 Rab8 14. O-O Ba8 15. Qd2 b5 16. axb5 axb5 17. Ra7 Qd8 18. Nxd6 b4 19. Ncb5 Bc6 20. Rd1 Bxd6 21. Nxd6 Ra8 22. Rxa8 Qxa8 23. Qxb4 1-0

[Event "79.Santo Camp. Veneto Quarti di Finale"]
[Site "Padova ITA"]
[Date "2020.02.22"]
[Round "3.8"]
[White "Giraldi, Edoardo"]
[Black "Simonetto, Alessio"]
[Result "1/2-1/2"]
[WhiteElo "1739"]
[BlackElo "2151"]
[Annotator "Gabriele Ballarin"]
[PlyCount "43"]
[EventDate "2020.02.21"]
[EventType "swiss"]
[EventRounds "3"]
[EventCountry "ITA"]

1. e4 e5 2. Bc4 Nc6 3. Nc3 Nf6 4. d3 Bb4 5. Nge2 d5 6. exd5 Nxd5 7. O-O Be6 8. Nxd5 Bxd5 9. Bxd5 Qxd5 10. a3 Be7 11. Nc3 Qd7 12. f4 O-O-O 13. fxe5 Nxe5 14. Bf4 Ng4 15. Qf3 f5 16. h3 Nf6 17. Bg5 g6 18. Rae1 Nd5 19. Bxe7 Nxe7 20. Qe3 Nc6 21. Qe6 Nd4 22. Qxd7+ 1/2-1/2

[Event "79.Santo Camp. Veneto Quarti di Finale"]
[Site "Padova ITA"]
[Date "2020.02.22"]
[Round "3.9"]
[White "Bergamasco, Tommaso"]
[Black "Frescura, Davide"]
[Result "1-0"]
[WhiteElo "2150"]
[BlackElo "1853"]
[Annotator "Gabriele Ballarin"]
[PlyCount "67"]
[EventDate "2020.02.21"]
[EventType "swiss"]
[EventRounds "3"]
[EventCountry "ITA"]

1. d4 d5 2. Nf3 Nf6 3. Bf4 e6 4. e3 c5 5. c3 Nc6 6. Nbd2 Bd6 7. Bg3 O-O 8. Bd3 b6 9. e4 dxe4 10. Nxe4 Be7 11. Nxf6+ Bxf6 12. Be4 Bb7 13. Qa4 Na5 14. dxc5 Bxe4 15. Qxe4 bxc5 16. O-O Qb6 17. Rab1 Rac8 18. b4 cxb4 19. cxb4 Nc6 20. a4 Ne7 21. Ne5 Rfd8 22. Rbc1 Nd5 23. b5 Rxc1 24. Rxc1 Nc3 25. Qc2 Qc5 26. Re1 Bg5 27. Qb3 Rd2 28. h4 Bf4 29. Qc4 Ne2+ 30. Kh2 Qe7 31. Nf3 Nxg3 32. fxg3 Bxg3+ 33. Kxg3 Rd5 34. Qxd5 1-0

[Event "79.Santo Camp. Veneto Quarti di Finale"]
[Site "Padova ITA"]
[Date "2020.02.22"]
[Round "3.10"]
[White "Kacani, Kirk"]
[Black "Pecci, William"]
[Result "0-1"]
[WhiteElo "2110"]
[BlackElo "1917"]
[Annotator "Gabriele Ballarin"]
[PlyCount "90"]
[EventDate "2020.02.21"]
[EventType "swiss"]
[EventRounds "3"]
[EventCountry "ITA"]

1. Nf3 Nf6 2. g3 d5 3. d4 e6 4. c4 Bb4+ 5. Bd2 Be7 6. Bg2 O-O 7. Qc2 Nbd7 8. b3 c6 9. Nc3 b6 10. O-O Ba6 11. cxd5 cxd5 12. Rfe1 Rc8 13. Qb2 Qc7 14. Rac1 Qb7 15. Bf4 Bb4 16. a3 Bxc3 17. Rxc3 Ne4 18. Rcc1 Ndf6 19. Ne5 Nd7 20. f3 Nxe5 21. fxe4 Ng6 22. Bd6 Rxc1 23. Rxc1 Rc8 24. Rxc8+ Qxc8 25. e5 Qc6 26. a4 f6 27. h4 fxe5 28. dxe5 Nh8 29. Bh3 Bc8 30. Bb4 Nf7 31. Qc3 Qxc3 32. Bxc3 Kf8 33. Kf2 Ke7 34. Bg2 Bb7 35. Ke3 d4+ 36. Kxd4 Bxg2 37. a5 Kd7 38. b4 Kc6 39. Bd2 Nh6 40. e4 Ng4 41. axb6 axb6 42. Bg5 Nf2 43. Ke3 Nxe4 44. Be7 Nxg3 45. Kf2 Nf5 0-1

[Event "79.Santo Camp. Veneto Quarti di Finale"]
[Site "Padova ITA"]
[Date "2020.02.22"]
[Round "3.11"]
[White "Loiacono, Leonardo"]
[Black "Moretti, Filippo"]
[Result "1-0"]
[WhiteElo "2297"]
[BlackElo "1969"]
[Annotator "Gabriele Ballarin"]
[PlyCount "81"]
[EventDate "2020.02.21"]
[EventType "swiss"]
[EventRounds "3"]
[EventCountry "ITA"]

1. d4 Nf6 2. c4 e6 3. Nc3 Bb4 4. Qc2 b6 5. a3 Bxc3+ 6. Qxc3 Bb7 7. Bg5 h6 8. Bh4 g5 9. Bg3 Ne4 10. Qc2 d6 11. f3 Nxg3 12. hxg3 f5 13. O-O-O Nd7 14. e3 Qf6 15. Bd3 O-O-O 16. Ne2 h5 17. e4 fxe4 18. Bxe4 h4 19. g4 Rdf8 20. Rh3 Re8 21. Kb1 Kb8 22. Nc3 Bxe4 23. Qxe4 e5 24. Qc6 exd4 25. Nb5 Qd8 26. Nxd4 Ne5 27. Qb5 Qd7 28. Rhh1 Rhf8 29. Rhe1 c6 30. Qa4 Kc7 31. Qc2 Qf7 32. b3 Ng6 33. Rh1 Qf6 34. Rd2 Re5 35. Rhd1 Rd8 36. Nf5 Re6 37. b4 Kb7 38. Qa4 Ne5 39. Qb3 Qf7 40. Rxd6 Rde8 41. Rxe6 1-0

[Event "79.Santo Camp. Veneto Quarti di Finale"]
[Site "Padova ITA"]
[Date "2020.02.22"]
[Round "3.12"]
[White "Bordin, Silvia"]
[Black "Ghiotto, Marco Luigi"]
[Result "0-1"]
[WhiteElo "1943"]
[BlackElo "2177"]
[Annotator "Gabriele Ballarin"]
[PlyCount "66"]
[EventDate "2020.02.21"]
[EventType "swiss"]
[EventRounds "3"]
[EventCountry "ITA"]

1. e4 e6 2. Nf3 d5 3. Nc3 Nf6 4. e5 Nfd7 5. d4 c5 6. dxc5 Nc6 7. Bf4 Bxc5 8. Bd3 a6 9. Qe2 b5 10. O-O b4 11. Na4 Be7 12. c3 Qa5 13. Bc2 Rb8 14. cxb4 Nxb4 15. Bb3 O-O 16. Nd4 Bb7 17. Rac1 Nxa2 18. Ra1 Nb4 19. Rfc1 Rfc8 20. Nc5 Qd8 21. Nxd7 Qxd7 22. Rxc8+ Rxc8 23. Ba4 Qd8 24. Rc1 Rxc1+ 25. Bxc1 Qc7 26. Bd2 Qc4 27. Bc3 Na2 28. Be8 Nxc3 29. Bxf7+ Kxf7 30. Qh5+ Kg8 31. Qe8+ Bf8 32. Qxe6+ Kh8 33. bxc3 Qxc3 0-1

[Event "79.Santo Camp. Veneto Quarti di Finale"]
[Site "Padova ITA"]
[Date "2020.02.22"]
[Round "3.13"]
[White "Scagliarini, Lara"]
[Black "Negro, Roberto"]
[Result "0-1"]
[WhiteElo "1915"]
[BlackElo "2124"]
[Annotator "Gabriele Ballarin"]
[PlyCount "54"]
[EventDate "2020.02.21"]
[EventType "swiss"]
[EventRounds "3"]
[EventCountry "ITA"]

1. e4 g6 2. d4 d6 3. Nf3 Bg7 4. Nc3 a6 5. a4 b6 6. Bf4 e6 7. Qd2 h6 8. h4 Bb7 9. Bd3 Nd7 10. Ne2 Qe7 11. Be3 Ngf6 12. Ng3 Ng4 13. h5 g5 14. c4 c5 15. d5 Nxe3 16. fxe3 Ne5 17. O-O-O O-O 18. Nh2 b5 19. b3 bxa4 20. bxa4 a5 21. Rdf1 Ba6 22. Rf2 Qd7 23. Qc2 Rfb8 24. Be2 Rb4 25. dxe6 fxe6 26. Kd1 Rab8 27. Bg4 Rb1+ 0-1

[Event "79.Santo Camp. Veneto Quarti di Finale"]
[Site "Padova ITA"]
[Date "2020.02.22"]
[Round "3.14"]
[White "Pasin, Mattia"]
[Black "Mameli, Gianluca"]
[Result "1/2-1/2"]
[WhiteElo "1921"]
[BlackElo "2084"]
[Annotator "Gabriele Ballarin"]
[PlyCount "99"]
[EventDate "2020.02.21"]
[EventType "swiss"]
[EventRounds "3"]
[EventCountry "ITA"]

1. d4 Nf6 2. c4 e6 3. Nc3 Bb4 4. Qc2 Nc6 5. Nf3 h6 6. a3 Bxc3+ 7. Qxc3 d6 8. Bf4 Bd7 9. e3 Nh5 10. Bg3 Qf6 11. Bd3 g5 12. b4 Ne7 13. c5 Nd5 14. Qb3 Nxg3 15. hxg3 O-O-O 16. Ke2 Kb8 17. Rhc1 Bc8 18. a4 Ne7 19. a5 e5 20. b5 dxc5 21. dxc5 g4 22. Nd2 Be6 23. Qb2 Rxd3 24. Kxd3 Qxf2 25. Kc3 Qxe3+ 26. Kb4 Rd8 27. Nc4 Nd5+ 28. Ka4 Qxc5 29. Ra3 Ne7 30. Rac3 Rd4 31. Qa3 Qxa3+ 32. Kxa3 Nd5 33. R3c2 Rd3+ 34. Kb2 f6 35. Rh1 c6 36. Rxh6 Rxg3 37. Nxe5 Nb4 38. b6 axb6 39. axb6 fxe5 40. Rxe6 Kc8 41. Rd2 Nd5 42. Re8+ Kd7 43. Rxe5 Kd6 44. Rg5 Kc5 45. Kc1 Kxb6 46. Rb2+ Kc5 47. Rxb7 Rxg2 48. Rbg7 Rg1+ 49. Kd2 Rg2+ 50. Kc1 1/2-1/2

[Event "79.Santo Camp. Veneto Quarti di Finale"]
[Site "Padova ITA"]
[Date "2020.02.22"]
[Round "3.15"]
[White "Cappelletto, Joshuaede"]
[Black "Muraro, Alberto"]
[Result "1-0"]
[WhiteElo "2081"]
[BlackElo "1897"]
[Annotator "Gabriele Ballarin"]
[PlyCount "49"]
[EventDate "2020.02.21"]
[EventType "swiss"]
[EventRounds "3"]
[EventCountry "ITA"]

1. e4 d6 2. d4 Nf6 3. Nc3 g6 4. Be3 c6 5. f3 b5 6. Qd2 Nbd7 7. O-O-O Qa5 8. Kb1 b4 9. Nce2 Ba6 10. g4 Nb6 11. b3 Bg7 12. Bh6 O-O 13. h4 c5 14. h5 c4 15. hxg6 fxg6 16. Bxg7 c3 17. Qc1 Kxg7 18. Nf4 Kf7 19. Bxa6 Qxa6 20. g5 e5 21. dxe5 dxe5 22. gxf6 exf4 23. Rxh7+ Ke6 24. Qxf4 Nc8 25. Nh3 1-0

[Event "79.Santo Camp. Veneto Quarti di Finale"]
[Site "Padova ITA"]
[Date "2020.02.22"]
[Round "3.16"]
[White "Pizzoferrato, Mattia"]
[Black "Fregonese, Giulio"]
[Result "1-0"]
[WhiteElo "1894"]
[BlackElo "2073"]
[Annotator "Gabriele Ballarin"]
[PlyCount "56"]
[EventDate "2020.02.21"]
[EventType "swiss"]
[EventRounds "3"]
[EventCountry "ITA"]

1. e4 e5 2. Nf3 Nc6 3. Bc4 Bc5 4. O-O Nf6 5. d4 Bxd4 6. Nxd4 Nxd4 7. Be3 Nc6 8. f4 Qe7 9. Qf3 d6 10. f5 h6 11. Nc3 a6 12. Qg3 Qf8 13. Nd5 Nxd5 14. Bxd5 Bd7 15. Qh4 Nd8 16. Rf3 Bc6 17. c4 Bxd5 18. exd5 f6 19. Rc1 Nf7 20. c5 O-O-O 21. c6 bxc6 22. dxc6 Re8 23. Qb4 Nd8 24. Ba7 Nxc6 25. Rxc6 Kd7 26. Qb7 Rc8 27. Rfc3 Qd8 28. Bb6 Ke8 1-0

[Event "79.Santo Camp. Veneto Quarti di Finale"]
[Site "Padova ITA"]
[Date "2020.02.22"]
[Round "3.17"]
[White "Piangerelli, Michele"]
[Black "Dionigi, Riccardo"]
[Result "1-0"]
[WhiteElo "1890"]
[BlackElo "2071"]
[Annotator "Gabriele Ballarin"]
[PlyCount "73"]
[EventDate "2020.02.21"]
[EventType "swiss"]
[EventRounds "3"]
[EventCountry "ITA"]

1. d4 f5 2. g3 Nf6 3. Bg2 e6 4. Nh3 d5 5. O-O c6 6. c3 Bd6 7. Bf4 Be7 8. Nd2 h6 9. Nb3 O-O 10. f3 a5 11. Bd2 g5 12. Nf2 Nbd7 13. e4 a4 14. Nc1 Nb6 15. Ncd3 Nc4 16. Bc1 Bd7 17. Kh1 Be8 18. exf5 exf5 19. Ne5 Nxe5 20. dxe5 Nd7 21. f4 Nc5 22. Qc2 Ne6 23. Be3 h5 24. fxg5 Bxg5 25. Bxg5 Qxg5 26. Nh3 Qg6 27. Nf4 Nxf4 28. gxf4 Kh8 29. Rg1 Qh6 30. Qf2 h4 31. Bh3 Bh5 32. Rg5 Rg8 33. Rxf5 Bg4 34. Bxg4 Rxg4 35. Qd4 c5 36. Qxd5 Rag8 37. e6 1-0

[Event "79.Santo Camp. Veneto Quarti di Finale"]
[Site "Padova ITA"]
[Date "2020.02.22"]
[Round "3.18"]
[White "Benedetti, Michele"]
[Black "Lantini, Marco"]
[Result "0-1"]
[WhiteElo "1871"]
[BlackElo "2059"]
[Annotator "Gabriele Ballarin"]
[PlyCount "48"]
[EventDate "2020.02.21"]
[EventType "swiss"]
[EventRounds "3"]
[EventCountry "ITA"]

1. d4 g6 2. c4 Bg7 3. Nc3 c5 4. d5 Bxc3+ 5. bxc3 Nf6 6. f3 O-O 7. e4 d6 8. Ne2 Qa5 9. g4 Nbd7 10. Bd2 e6 11. Ng3 b5 12. cxb5 c4 13. Bxc4 exd5 14. exd5 Re8+ 15. Kf1 Bb7 16. Bh6 Rac8 17. Qd4 Ne5 18. Be2 Qxc3 19. Qxa7 Qxa1+ 20. Kg2 Qb2 21. Qxb7 Rb8 22. Qa6 Nexg4 23. fxg4 Rxe2+ 24. Kh3 Qd4 0-1

[Event "79.Santo Camp. Veneto Quarti di Finale"]
[Site "Padova ITA"]
[Date "2020.02.22"]
[Round "3.19"]
[White "D'Angerio, Alessandro"]
[Black "De Bortoli, Francesco"]
[Result "0-1"]
[WhiteElo "2057"]
[BlackElo "1849"]
[Annotator "Gabriele Ballarin"]
[PlyCount "102"]
[EventDate "2020.02.21"]
[EventType "swiss"]
[EventRounds "3"]
[EventCountry "ITA"]

1. d4 d5 2. c4 e6 3. Nc3 Nf6 4. cxd5 exd5 5. Bg5 Be7 6. e3 O-O 7. Bd3 c6 8. Nge2 Re8 9. Qc2 Nbd7 10. O-O Nf8 11. a3 Ne4 12. Bxe7 Qxe7 13. Rae1 Bf5 14. Nf4 g5 15. Nh5 Bg6 16. Ng3 f5 17. f3 Nxg3 18. hxg3 Qf6 19. Qd2 Re7 20. Bb1 Rae8 21. e4 f4 22. gxf4 gxf4 23. Ba2 Bf7 24. Rd1 Qg5 25. b4 Ng6 26. Rf2 Kh8 27. e5 Be6 28. Bb1 Rg7 29. Bxg6 Rxg6 30. Rc1 Qh4 31. Ne2 Rf8 32. Kf1 Qh1+ 33. Ng1 h5 34. Ke2 Rxg2 35. Kd3 Rxg1 36. Rxg1 Qxg1 37. Rh2 Bf5+ 38. Kc3 Qa1+ 39. Kb3 Qb1+ 40. Kc3 Bg6 41. Rh4 Qf5 42. Kb3 Kh7 43. Qc3 Kh6 44. Qc5 Qd3+ 45. Kb2 Rf5 46. Rh1 Qe2+ 47. Ka1 Qxf3 48. Qc1 Qe3 49. Qb2 f3 50. Rf1 f2 51. Ka2 Qe1 0-1

[Event "79.Santo Camp. Veneto Quarti di Finale"]
[Site "Padova ITA"]
[Date "2020.02.22"]
[Round "3.20"]
[White "Zotti, Enrico"]
[Black "Raccanello, Marianna"]
[Result "0-1"]
[WhiteElo "1826"]
[BlackElo "2055"]
[Annotator "Gabriele Ballarin"]
[PlyCount "124"]
[EventDate "2020.02.21"]
[EventType "swiss"]
[EventRounds "3"]
[EventCountry "ITA"]

1. Nf3 c5 2. g3 Nc6 3. Bg2 g6 4. e4 Bg7 5. d3 e6 6. O-O Nge7 7. Nc3 O-O 8. Be3 d6 9. Qd2 Rb8 10. Bh6 b5 11. Bxg7 Kxg7 12. d4 cxd4 13. Nxd4 b4 14. Nce2 Ne5 15. b3 Qb6 16. h3 Bb7 17. Kh2 Nd7 18. Qg5 Nc6 19. Rad1 Nxd4 20. Nxd4 Nc5 21. Rfe1 Rbc8 22. f4 h6 23. Qh4 e5 24. fxe5 dxe5 25. Nf3 Rfe8 26. Nd2 Ba6 27. Bf1 Bxf1 28. Rxf1 Qc6 29. Rde1 Rcd8 30. Nc4 Rd4 31. g4 Rxe4 32. Qf2 Rf4 33. Qe3 Rxf1 34. Rxf1 Qc7 35. h4 Qe7 36. g5 hxg5 37. hxg5 Rh8+ 38. Kg2 Rh5 39. Rf3 Qxg5+ 40. Qxg5 Rxg5+ 41. Rg3 Rxg3+ 42. Kxg3 Kf6 43. a3 bxa3 44. Nxa3 Ke6 45. Kf3 a5 46. Nc4 Nb7 47. Ke3 f5 48. Kf3 g5 49. Kf2 Kd5 50. Ne3+ Ke4 51. Nc4 g4 52. Kg3 Kd5 53. Ne3+ Ke4 54. Nc4 Kd4 55. Kf2 f4 56. Ke2 e4 57. Nd2 f3+ 58. Ke1 e3 59. Nb1 e2 60. Nd2 Ke3 61. Nc4+ Kf4 62. c3 g3 0-1

[Event "79.Santo Camp. Veneto Quarti di Finale"]
[Site "Padova ITA"]
[Date "2020.02.22"]
[Round "3.21"]
[White "Vianello, Enrico"]
[Black "Gola, Giorgio"]
[Result "1-0"]
[WhiteElo "2050"]
[BlackElo "1844"]
[Annotator "Gabriele Ballarin"]
[PlyCount "99"]
[EventDate "2020.02.21"]
[EventType "swiss"]
[EventRounds "3"]
[EventCountry "ITA"]

1. Nf3 Nf6 2. c4 b6 3. g3 Bb7 4. Bg2 c5 5. O-O g6 6. Nc3 Bg7 7. d4 cxd4 8. Qxd4 O-O 9. Qh4 d6 10. Bh6 Nbd7 11. Rac1 Nc5 12. Rfd1 a5 13. b3 Re8 14. Bxg7 Kxg7 15. Nd5 Nfe4 16. Nd4 e5 17. Qxd8 Raxd8 18. Nb5 Bxd5 19. Rxd5 Re6 20. Rcd1 f5 21. Bxe4 Nxe4 22. f3 Nc5 23. Rxd6 Rdxd6 24. Rxd6 Kf7 25. Kf2 f4 26. Rd8 g5 27. Nc3 Ke7 28. Rh8 Rh6 29. Kg2 Kd6 30. Rd8+ Kc7 31. Rg8 Rg6 32. Nd5+ Kb7 33. Rxg6 hxg6 34. Ne7 e4 35. Nxg6 exf3+ 36. exf3 fxg3 37. Kxg3 Ne6 38. Kg4 Kc7 39. Ne5 Kd6 40. Nf7+ Kc5 41. Nxg5 Nf8 42. Kf5 Kb4 43. Ne6 Ka3 44. Nxf8 Kxa2 45. h4 Kxb3 46. h5 Kxc4 47. h6 b5 48. h7 b4 49. h8=Q b3 50. Ne6 1-0

[Event "79.Santo Camp. Veneto Quarti di Finale"]
[Site "Padova ITA"]
[Date "2020.02.22"]
[Round "3.22"]
[White "Marson, Luca"]
[Black "Rosato, Luciano"]
[Result "1-0"]
[WhiteElo "1817"]
[BlackElo "2049"]
[Annotator "Gabriele Ballarin"]
[PlyCount "48"]
[EventDate "2020.02.21"]
[EventType "swiss"]
[EventRounds "3"]
[EventCountry "ITA"]

1. e4 c5 2. Nf3 a6 3. d4 cxd4 4. Nxd4 Nf6 5. Bd3 e5 6. Nb3 Nc6 7. O-O Be7 8. Nc3 O-O 9. Be3 b5 10. a4 b4 11. Nd5 Nxd5 12. exd5 Na5 13. Nxa5 Qxa5 14. d6 Bf6 15. Be4 Rb8 16. Qf3 b3 17. c3 Bd8 18. Ba7 Rb6 19. Bxb6 Bxb6 20. Rfd1 Bc5 21. Rd2 Qb6 22. a5 Qb8 23. Qf5 g6 24. Qxe5 Ba7 1-0